[Event "DOM-ch"]
[Site "Santo Domingo"]
[Date "2019.04.28"]
[Round "4"]
[White "De la Cruz Hernandez, Pablo Alex"]
[Black "Steel Stephen, Daniel Alberto"]
[Result "0-1"]
[WhiteElo "1799"]
[BlackElo "1870"]
[PlyCount "86"]
[EventDate "2019.04.26"]
[EventType "swiss"]
[EventRounds "11"]
[EventCountry "DOM"]
[SourceTitle "CBM 190 Extra"]
[Source "ChessBase"]
[SourceDate "2019.07.15"]
[SourceVersion "1"]
[SourceVersionDate "2019.07.15"]
[SourceQuality "1"]

1. d4 Nf6 2. Bf4 c5 3. c3 cxd4 4. cxd4 Qb6 5. Bc1 Nc6 6. Nf3 d6 7. e3 e5 8. Be2 e4 9. Nfd2 d5 10. Nb3 a5 11. a4 Bd7 12. 0-0 Bd6 13. Nc3 Na7 14. f3 Qc7 15. f4 Qb6 16. Bd2 Bb4 17. Qc2 Rc8 18. Rfc1 0-0 19. Qd1 Rc7 20. Nb1 Rxc1 21. Qxc1 Rc8 22. Qd1 Nc6 23. Bxb4 Nxb4 24. Nc5 Be8 25. Na3 Qc7 26. Rc1 b6 27. Nb3 Qb7 28. Nb5 Bxb5 29. Bxb5 Rc7 30. Rc3 Na2 31. Rxc7 Qxc7 32. Qd2 g6 33. Na1 Kf8 34. Qc2 Qxc2 35. Nxc2 Ke7 36. Kf2 Ng4+ 37. Kg3 f5 38. h3 Nf6 39. Kh4 Nc1 40. b4 Nd3 41. bxa5 bxa5 42. g4 fxg4 43. hxg4 g5+ 0-1